000 00853nam a2200289 a 4500
001 41536
003 AR-BaAGN
005 20231116150328.0
007 ta
008 220625s2008 xx |||||r|||| ||||||spa d
020 _a978-987-28749-0-2
040 _dAR-BaAGN
_aAR-BaAGN
_eaacr
_bspa
100 1 _aLagier, Jerónimo
245 1 0 _aLa aventura de la yerba mate :
_bmás de cuatro siglos de historia
250 _a1ª ed.
260 _a[Lugar de publicación no identificado] :
_bInstituto Nacional de la Yerba Mate,
_c2008.
300 _a195 páginas :
_bilustraciones
336 _2rdacontent
_btxt
337 _2rdamedia
_bn
338 _2rdacarrier
_bnc
650 4 _aYERBA MATE
_92679
710 1 _aInstituto Nacional de la Yerba Mate
942 _cLIBRO
_n0
999 _c41536
_d41536